Quick Pick: 'B' Food Quiz Stats

 Plays Quiz Updated Nov 12, 2017

Challenge
Share
Tweet
Embed
Score 0/15 Timer 01:00
9 Plays Today
% Correct
bacon
98.9%
bagel
98.4%
brownie
96.7%
burrito
95.9%
brisket
93.8%
bratwurst
93.5%
beetroot
92.6%
bok choy
92.5%
% Correct
baklava
92.4%
bourguignon
78.4%
brandy snap
67.6%
bocconcini
63.7%
biryani
59.7%
barramundi
42.9%
bannock
39.8%

Today's Daily Dose

Word Ladder
Bruno Mars Song

Get the Picture
Japanese Cars

You're not logged in!

Compare scores with friends on all Sporcle quizzes.
OR
Log In

You Might Also Like...

Show Comments

Extras

Top Quizzes Today


Score Distribution

Your Account Isn't Verified!

In order to create a playlist on Sporcle, you need to verify the email address you used during registration. Go to your Sporcle Settings to finish the process.

Report this User

Report this user for behavior that violates our Community Guidelines.

Details: